000 00361nam a2200145 a 4500
005 20140412111313.0
008 060116s19uu xx 00 eng d
050 _aER
_bSo1 1996
245 _aThe Sorcerer's Apprentice.
260 _aU.K :
_bWalt Disney,
_c1996.
300 _a43 p. ; ill.
440 _aDisney
650 _aChildren stories
999 _c104114
_d104114